000
00339nam a2200145Ia 4500
008
230718s9999 xx 000 0 und d
041
_a
Eng.
082
_a
310
_b
HEM-T
100
_a
Hemingaray Ernest
245
4
_a
The cold man and the sear
260
_a
Pakistan
_b
exford oni paers
_c
2009
300
_a
78
650
_a
Law
999
_c
26428
_d
26428